| 000 | 00806nam a22002057a 4500 | ||
|---|---|---|---|
| 999 |
_c13735 _d13735 |
||
| 008 | 190403b ||||| |||| 00| 0 eng d | ||
| 082 |
_22014 _aAV-Eb 657.30218 _bM156 |
||
| 100 |
_aMackenzie,Bruce. _938180 |
||
| 245 |
_aWiley IFRS 2014 : _binterpretation and application of international financial reporting standards / _cBruce Mackenzie, Danie Coetsee, and Tapiwa Njikizana. |
||
| 250 | _aEleventh Edition | ||
| 260 |
_bWiley, _c©2014. |
||
| 300 | _a1067 pages; | ||
| 440 |
_aWiley Regulatory Reporting _938181 |
||
| 500 | _aIncludes index. | ||
| 650 |
_aFinancial statements -- Standards. _938182 |
||
| 700 |
_aCoetsee, Danie. _938183 |
||
| 700 |
_aNjikizana, Tapiwa . _938184 |
||
| 856 | _yhttps://ebookcentral.proquest.com/lib/uniofmindanao-ebooks/detail.action?docID=1632014 | ||
| 942 |
_2ddc _cEB |
||